000 00581nam a22001937a 4500
005 20240823162149.0
010 _aENG-141447
020 _a9788171773718
_c1125.00
035 _aEN-124979
037 _bDBAD
082 _a347.6
_23
100 _aDey, D.P.
_970547
245 _aS.A Kader The Hindu Succession Act 1956/
_cBy D.P. Dey
250 _a3
260 _aKolkata
_bEastern Law House
_c2022
270 _a54 Ganesh Chunder Avenue
_bKolkata
_e700013
_k033-22151989
_mmail@elh.co.in
300 _a45,588p.
_c23cm(Hb)
_bIndex
942 _2ddc
_cEN
_h347.6
_mDEY
999 _c205279
_d205279